[Event "ROM-ch U08 Girls"]
[White "Trifan, Lara Teodora"]
[Black "Preda, Alessia Elena"]
[Site "Calimanesti"]
[Round "5"]
[Result "1-0"]
[Date "2014.04.09"]
[WhiteElo "1001"]
[BlackElo "1101"]
[PlyCount "89"]
[EventDate "2014.04.06"]
[EventType "swiss"]
[EventRounds "9"]
[EventCountry "ROU"]
[SourceTitle "CBM 160 Extra"]
[Source "ChessBase"]
[SourceDate "2014.07.01"]
[SourceVersion "1"]
[SourceVersionDate "2014.07.01"]
[SourceQuality "1"]

1. e4 d5 2. exd5 Qxd5 3. Nc3 Qd8 4. Nf3 Nf6 5. Bc4 Bf5 6. d3 e6 7. Bg5 c6 8. 0-0 Nbd7 9. Nd4 Bd6 10. Nxf5 exf5 11. Qe2+ Be7 12. h3 0-0 13. Rfe1 Re8 14. Qf3 h6 15. Bxf6 Nxf6 16. Qxf5 Qc7 17. Qg6 Rf8 18. Qf5 Bd6 19. g3 b5 20. Bb3 a5 21. a4 bxa4 22. Rxa4 Rfe8 23. Rxe8+ Rxe8 24. Ra1 Nh7 25. Ne4 Be5 26. c3 Re7 27. d4 Bf6 28. Nxf6+ Nxf6 29. Rxa5 Qxa5 30. Qxa5 Re1+ 31. Kg2 Re2 32. Bc4 Rxb2 33. Qd8+ Kh7 34. Bd3+ g6 35. Qxf6 Rb7 36. Ba6 Rc7 37. h4 h5 38. Qd6 Ra7 39. Qxc6 Kg7 40. d5 Kh7 41. d6 Kg7 42. d7 Kh6 43. d8Q Kg7 44. Qcf6+ Kh7 45. Qdh8# 1-0